000
00242nam a2200097Ia 4500
005
20251222114357.0
008
251222s1900||||xx |||||||||||||| ||spa||
082
_a
DVD0070/L74/2002
245
0
_a
La casa de los engaƱos:House of Fool
942
_c
DVD
999
_c
1501
_d
1501